| 000 | 00589nam a2200193Ia 4500 | ||
|---|---|---|---|
| 008 | 240729s9999 xx 000 0 und d | ||
| 022 | _a2457-0370 | ||
| 245 | 0 | _aInternational Journal of Advances in Signal and Image Sciences | |
| 260 | _aIndia | ||
| 260 | _bXLESCIENCE | ||
| 650 | _a Biotechnology | Medicine | ||
| 650 | _a Chemical technology | ||
| 650 | _a Computer applications to medicine. Medical informatics | ||
| 650 | _a Medicine (General) | ||
| 650 | _aTechnology | ||
| 856 | _uhttps://doaj.org/toc/79836dc570ef4ec580b01765f7a0bb71 | ||
| 942 | _2ddc | ||
| 942 | _cDOAJEJ | ||
| 999 |
_c72219 _d72219 |
||
| 945 |
_a1 _bMadushi Gamage _c1 _dMadushi Gamage |
||